000 00336nam a2200133Ia 4500
008 100328s9999 xx 000 0 und d
082 _b19754
100 _aभोसले द.ता.
245 _aपाळत
260 _bपं.अ.कुलकर्णी
630 _aपाळत
730 _aपाळत
942 _cBOOK
999 _c514019
_d514016